000 00833nam a2200277Ia 4500
005 20220316235312.0
008 121119s2002 ck gr 000 0 spa
020 _a9581403078
041 0 _aspa
100 1 _aFranco Ramos, Jorge,
_d1962-
245 1 0 _aRosario tijeras
_cJorge Franco Ramos
250 _aOctava edición
264 1 _aBogotá
_bPlaza y Janés
_c2002
300 _a196 páginas
336 _atexto
_btxt
_2rdacontent
337 _asin mediación
_bn
_2rdamedia
338 _avolumen
_bnc
_2rdacarrier
490 0 _aLetras latinoamericanas
650 1 4 _2LEMB
_aNovela social
_zColombia
650 1 4 _2LEMB
_aNovela colombiana
_ySiglo XX
650 1 4 _2LEMB
_aLiteratura colombiana
_ySiglo XX
650 1 4 _2LEMB
_aProblemas sociales
942 _2loc
_cBKLIT
040 _aCO-BoRNBP
_bspa
_erda
_cCO-BoRNBP
084 _aN FRA1
999 _c544
_d544